Detroit Pistons 2025-2026 Roster - Statistics

General Stats
  • This quiz has been taken 81 times
  • The average score is 11 of 18
Answer Stats
# Player Position % Correct
0 Jalen Duren C
97%
2 Cade Cunningham PG
94%
9 Ausar Thompson F/PF
85%
55 Duncan Robinson SG/F
79%
7 Paul Reed C
79%
12 Tobias Harris PF
79%
8 Caris LeVert SG
74%
24 Daniss Jenkins PG/SG
74%
28 Isiah Stewart PF/C
74%
5 Ron Holland F/PF
71%
23 Jaden Ivey SG
68%
25 Marcus Sasser SG
59%
31 Javonte Green SG/F
44%
20 Chaz Lanier SG
41%
35 Tolu Smith PF/C
41%
34 Bobi Klintman F/PF
26%
13 Isaac Jones F/PF
24%
14 Wendell Moore Jr. SG
21%
No matching quizzes found
Score Distribution
Percent of People with Each Score
Percentile by Number Answered
Your Score History
You have not taken this quiz